| 000 | 00349nam a22001457a 4500 | ||
|---|---|---|---|
| 003 | SGT | ||
| 020 | _a812560129-5 | ||
| 082 |
_a615.1 _bMIR |
||
| 100 | _aMIRZA, DR. M. AAMIR | ||
| 245 | _aLAB MANUAL OF PHARMACEUTICAL ENGINEERING | ||
| 260 |
_aINDIA _bTARA PUB. _c2024 |
||
| 300 | _a140 | ||
| 650 | _aPHARMACEUTICAL ENGINEERING | ||
| 942 |
_2ddc _cBK |
||
| 999 |
_c33012 _d33012 |
||